000 00770nas a2200253 4500
001 BR7000057
003 BR-BrBNA
005 20231205082305.0
007 ta
008 230509b bl.|||p| |||| 00| 00por d
040 _aBR-BrBNA
_bpor
_cBiblioteca Nacional de Agricultura
041 _a(Pt)
072 _aF00
110 1 _aInstituto do Acucar e do Alcool, Rio de Janeiro, GB (Brasil)
_96295
245 1 _aPlano de safra. Complementacao [cana de acucar, acucar, Brasil]
650 _aPRODUCAO VEGETAL
650 _aCANA DE ACUCAR
650 _aACUCAR
650 _aSAFRA
650 _aPRECO
773 0 _tBrasil Acucareiro (Brazil)
_xISSN 0006-9167
_g(Jun 1970), v. 75(6) p. 80-91
_wBR7000057
909 _a202311
_bLúcia
_c55
_dLúcia Elande
942 _2AGRIS
_n0
_cANA
999 _c90622
_d90622